TV Roommates Quiz Stats

 Plays Quiz Updated Aug 7, 2014

Support Sporcle.
Go Orange.
Score 0/20 Timer 04:00
0 Plays Today
% Correct
Rachel Green
97.5%
Sheldon Cooper
95.6%
Grace Adler
95%
Betty Suarez
93%
Mindy McConnell
92.8%
Shirley Feeney
91.8%
Blanche Devereaux
87.7%
Jesse Katsopolis
85.7%
Hawkeye Pierce
84.2%
Ted Mosby
83.7%
% Correct
Ginger Grant
83.3%
Felix Unger
79.4%
Jack Tripper
76.8%
Balki Bartokomous
68.6%
Caroline Channing
68.1%
Ben Wyatt
60.6%
Salvatore 'Turtle' Vacara
58.8%
Ronald 'Mac' McDonald
56.2%
Abed Nadir
54.3%
Kip Wilson
52.9%

You're not logged in!

Compare scores with friends on all Sporcle quizzes.
OR
Log In

From the Vault

The Top 101 NFL Receivers of 2015

by steelnation86

Hopefully none of the players 'catch' you off guard (see what we did there?)
Remove Ads.
Support Sporcle.
Get the best of Sporcle when you Go Orange. This ad-free experience offers more features, more stats, and more fun while also helping to support Sporcle. Thank you for becoming a member.

Show Comments

Extras

Top Quizzes Today


Score Distribution

Your Account Isn't Verified!

In order to create a playlist on Sporcle, you need to verify the email address you used during registration. Go to your Sporcle Settings to finish the process.

Report this User

Report this user for behavior that violates our Community Guidelines.

Details: